Central Library OPAC University of Rajshahi

Order and disorder in the world of atoms / (Record no. 10701)

MARC details
000 -LEADER
fixed length control field 00981nam a2200289 4500
001 - CONTROL NUMBER
control field 10701
003 - CONTROL NUMBER IDENTIFIER
rucl marc code BD RJUL
005 - DATE AND TIME OF LATEST TRANSACTION
control field 20211208235012.0
008 - FIXED-LENGTH DATA ELEMENTS--GENERAL INFORMATION
fixed length control field 250114s1967 us a 000 0 eng d
035 ## - SYSTEM CONTROL NUMBER
System control number BD RJUL
040 ## - CATALOGING SOURCE
Original cataloging agency BD-RjUL
Language of cataloging eng
Transcribing agency BD-RjUL
Modifying agency BD RJUL
041 1# - LANGUAGE CODE
Language code of text/sound track or separate title eng
Language code of original rus
082 ## - DEWEY DECIMAL CLASSIFICATION NUMBER
Classification number 548
Author mark and year KIO 1967
100 1# - MAIN ENTRY--PERSONAL NAME
Personal name Kitaĭgorodskiĭ, A. I.
Fuller form of name (Aleksandr Isaakovich),
Dates associated with a name 1914-1985.
9 (RLIN) 33087
245 10 - TITLE STATEMENT
Title Order and disorder in the world of atoms /
Statement of responsibility, etc. [by] A.I. Kitaigorodskiy. Translated by Scripta Technica. Edited by S. Chomet
260 ## - PUBLICATION, DISTRIBUTION, ETC. (IMPRINT)
Place of publication, distribution, etc. New York :
Name of publisher, distributor, etc. Springer-Verlag,
Date of publication, distribution, etc. 1967.
300 ## - PHYSICAL DESCRIPTION
Pagination viii, 135 p :
Illustrations illus ;
Size 23 cm
500 ## - GENERAL NOTE
General note Translation of Pori͡adok i bespori͡adok v mire atomov
650 #0 - SUBJECT ADDED ENTRY--TOPICAL TERM
Topical term or geographic name as entry element Atoms
9 (RLIN) 25783
Topical term or geographic name as entry element Crystallography
9 (RLIN) 33088
830 #0 - SERIES ADDED ENTRY--UNIFORM TITLE
Volume number/sequential designation v. 3
Uniform title Heidelberg science library ;
942 ## - ADDED ENTRY ELEMENTS (KOHA)
Source of classification or shelving scheme Dewey Decimal Classification
Koha item type Books
Holdings
Lost status Source of classification or shelving scheme Damaged status Not for loan Collection code Permanent Location Current Location Shelving location Date acquired Source of acquisition Cost, normal purchase price Total Checkouts Full call number Date last seen Copy number Koha item type
  Dewey Decimal Classification     Non-fiction Central Library, University of Rajshahi Central Library, University of Rajshahi   25/08/1973 India Govt. 23.10   548 KIO 1967 25/01/2014 C-2 Books